[Event "VIII TchRUS W"]
[Site "Sochi"]
[Date "2007.05.04"]
[Round "4"]
[White "Chasovnikova, Eugenia"]
[Black "Zdebskaja, Natalia"]
[Result "0-1"]
[WhiteElo "2288"]
[BlackElo "2335"]
[Annotator ""]
[Source ""]
[Remark ""]

1.d4 Nf6 2.Nf3 e6 3.c4 b6 4.a3 Bb7 5.Nc3 d5 6.cxd5 Nxd5 7.Qc2
Nxc3 8.bxc3 Be7 9.e4 O-O 10.Bd3 c5 11.O-O Qc8 12.e5 h6 13.Qe2
cxd4 14.cxd4 Ba6 15.Bb2 Bxd3 16.Qxd3 Qa6 17.Qe4 Nd7 18.d5 Nc5
19.Qg4 Qa4 20.Nd4 Nd3 21.Bc3 Qc4 22.dxe6 f5 23.Qh3 Qxc3 24.Nxf5
Rxf5 25.Qxf5 Rf8 26.Qe4 Nxf2 27.Qd5 Qe3 28.h4 Ne4+ 29.Kh2 Qg3+
30.Kh1 Qxh4+ 31.Kg1 Bc5+ 0-1

[Event "VIII TchRUS W"]
[Site "Sochi"]
[Date "2007.05.04"]
[Round "4"]
[White "Zakurdjaeva, Irina"]
[Black "Melnikova, Yana"]
[Result "1/2-1/2"]
[WhiteElo "2286"]
[BlackElo "2305"]
[Annotator ""]
[Source ""]
[Remark ""]

1.e4 c5 2.Nf3 d6 3.d4 cxd4 4.Nxd4 Nf6 5.Nc3 a6 6.Be3 e5 7.Nb3
Be6 8.Be2 Be7 9.O-O O-O 10.Nd5 Nxd5 11.exd5 Bf5 12.f4 exf4 13.Bxf4
Bg6 14.Bd3 Qb6+ 15.Kh1 Nd7 16.Bxg6 hxg6 17.c4 Rac8 18.Rc1 Bf6
19.Qg4 Rfd8 20.Qf3 a5 21.Rc2 Re8 22.Nd2 Qc7 23.Ne4 Be5 24.Bxe5
Nxe5 25.Qh3 Qe7 26.c5 dxc5 27.Rd2 Rcd8 28.d6 Qd7 29.Qh4 Qg4 30.Qxg4
Nxg4 31.Nxc5 b6 32.Na4 Ne3 33.Rc1 Nc4 34.Rd4 Nxd6 35.Nxb6 Nf5
36.Rxd8 Rxd8 37.Rc8 Rxc8 38.Nxc8 Kf8 39.Kg1 Ke8 40.Nb6 Ne3 1/2-1/2

[Event "VIII TchRUS W"]
[Site "Sochi"]
[Date "2007.05.04"]
[Round "4"]
[White "Cmilyte, Viktoria"]
[Black "Hou, Yifan"]
[Result "1/2-1/2"]
[WhiteElo "2462"]
[BlackElo "2513"]
[Annotator ""]
[Source ""]
[Remark ""]

1.d4 Nf6 2.c4 e6 3.Nc3 Bb4 4.Nf3 b6 5.Bg5 Bb7 6.Nd2 c5 7.d5 h6
8.Bh4 Bxc3 9.bxc3 Qe7 10.Qc2 exd5 11.cxd5 Bxd5 12.O-O-O Be4 13.Nxe4
Qxe4 14.Bxf6 Qxc2+ 15.Kxc2 gxf6 16.g3 Nc6 17.Bg2 Ke7 18.Rd3 Rhd8
19.Rhd1 Rac8 20.f4 b5 21.Bh3 Rc7 22.Re3+ Kf8 23.Red3 Ke7 24.Re3+
Kf8 25.Red3 1/2-1/2

[Event "VIII TchRUS W"]
[Site "Sochi"]
[Date "2007.05.04"]
[Round "4"]
[White "Lagno, Katerina"]
[Black "Korbut, Ekaterina"]
[Result "1-0"]
[WhiteElo "2468"]
[BlackElo "2429"]
[Annotator ""]
[Source ""]
[Remark ""]

1.e4 c5 2.Nf3 Nc6 3.Bb5 Nf6 4.e5 Nd5 5.Nc3 Nc7 6.Bxc6 dxc6 7.h3
h6 8.d3 Bf5 9.O-O Qd7 10.Be3 Ne6 11.a4 a5 12.Ne2 g5 13.Nd2 Bg7
14.Nc4 Qc7 15.f4 gxf4 16.Nxf4 Nxf4 17.Bxf4 Be6 18.Qe1 b6 19.Qg3
O-O-O 20.Ra3 Rdg8 21.Qe3 Rd8 22.Rb3 Bxc4 23.dxc4 e6 24.Qe2 Rhg8
25.Rg3 Qd7 26.Kh2 f5 27.exf6 Bxf6 28.Rxg8 Rxg8 29.Rd1 Qe8 30.Rd6
Bxb2 31.Rxe6 Qf8 32.Qe4 1-0

[Event "VIII TchRUS W"]
[Site "Sochi"]
[Date "2007.05.04"]
[Round "4"]
[White "Turova, Irina"]
[Black "Kovalevskaya, Ekaterina"]
[Result "1/2-1/2"]
[WhiteElo "2386"]
[BlackElo "2432"]
[Annotator ""]
[Source ""]
[Remark ""]

1.d4 Nf6 2.c4 e6 3.Nc3 Bb4 4.Qc2 d5 5.a3 Be7 6.cxd5 exd5 7.Bg5
c6 8.e3 O-O 9.Bd3 h6 10.Bh4 Nh5 11.Bxe7 Qxe7 12.Nge2 Be6 13.O-O
Nd7 14.b4 a6 15.Na4 f5 16.Nc5 Nxc5 17.bxc5 Rae8 18.Nf4 Nxf4 19.exf4
Bc8 20.Qd2 Qf6 21.Bc2 Qf7 22.Rfe1 Rxe1+ 23.Rxe1 Re8 24.Re5 g6
25.g3 Kg7 26.h4 Rxe5 27.fxe5 Be6 28.Kf1 Qc7 29.Ke1 Qd8 30.Kd1
Qc7 31.Kc1 Qd8 32.Bd3 Qc7 33.f3 Qe7 34.Kb2 Bc8 35.Qf4 Be6 36.Bc2
Qf7 37.Qd2 Qe8 38.Bd1 Qe7 39.Qb4 Qc7 40.g4 Qe7 41.Qe1 Qf7 42.g5
h5 43.Qa5 Qd7 44.Qb6 Kf8 45.Be2 Qc8 46.Kc3 Ke8 47.Bd3 Kd7 48.Kb4
Qa8 49.f4 Kc8 50.Ka5 Kd7 51.Be2 Kc8 52.Bd1 Kd7 53.Ka4 Kc8 54.Be2
Kd7 55.Qb1 Qc8 56.Ka5 Qd8+ 57.Qb6 Qa8 58.Qb3 Qd8+ 59.Ka4 Qc8
60.Bf3 Qa8 61.Qb2 Qc8 62.Qe2 Qe8 63.Qb2 Qc8 64.Qg2 Qd8 1/2-1/2

[Event "VIII TchRUS W"]
[Site "Sochi"]
[Date "2007.05.04"]
[Round "4"]
[White "Kochetkova, Julia"]
[Black "Sudakova, Irina"]
[Result "1-0"]
[WhiteElo "2320"]
[BlackElo "2371"]
[Annotator ""]
[Source ""]
[Remark ""]

1.e4 e5 2.d4 exd4 3.Nf3 Nc6 4.Bc4 Be7 5.c3 Na5 6.Be2 d5 7.exd5
Qxd5 8.cxd4 Nf6 9.Nc3 Bb4 10.O-O Bxc3 11.bxc3 O-O 12.Ne5 Bf5
13.Ba3 Rfe8 14.Bb4 b6 15.Re1 Be4 16.Bf1 c5 17.Bxa5 cxd4 18.Bxb6
axb6 19.cxd4 Qb7 20.Qd2 Red8 21.Qb2 Ra4 22.Rad1 Bd5 23.a3 Rda8
24.Re3 Ne4 25.Bb5 R4a7 26.Bd3 Rxa3 27.Bxe4 Rxe3 28.Bxd5 Qxd5
29.fxe3 Ra2 30.e4 Qa5 31.Qb3 1-0

[Event "VIII TchRUS W"]
[Site "Sochi"]
[Date "2007.05.04"]
[Round "4"]
[White "Komiagina, Maria"]
[Black "Zaiatz, Elena"]
[Result "1-0"]
[WhiteElo "2288"]
[BlackElo "2387"]
[Annotator ""]
[Source ""]
[Remark ""]

1.e4 c5 2.Nf3 Nc6 3.Bb5 g6 4.Bxc6 dxc6 5.d3 Bg7 6.h3 Nf6 7.Nc3
Nd7 8.O-O e5 9.Nh2 Nf8 10.f4 Ne6 11.fxe5 h5 12.Be3 Bxe5 13.Nf3
Bd4 14.Qd2 g5 15.Qf2 Rh7 16.e5 g4 17.Ne4 gxf3 18.Nf6+ Ke7 19.Bxd4
Qxd4 20.Nxh7 Bd7 21.Nf6 Rd8 22.Rae1 Bc8 23.Re3 Qxb2 24.Qxf3 Nd4
25.Ng8+ 1-0

[Event "VIII TchRUS W"]
[Site "Sochi"]
[Date "2007.05.04"]
[Round "4"]
[White "Gaponenko, Irina"]
[Black "Severiukhina, Zoja"]
[Result "1/2-1/2"]
[WhiteElo "2451"]
[BlackElo "2269"]
[Annotator ""]
[Source ""]
[Remark ""]

1.d4 Nf6 2.Nc3 e6 3.e4 d5 4.Bg5 Be7 5.e5 Nfd7 6.h4 c5 7.Bxe7
Kxe7 8.dxc5 Nc6 9.Nf3 Nxc5 10.Qd2 h6 11.O-O-O a6 12.Qf4 Qa5 13.Qg4
Rg8 14.Kb1 b5 15.Bd3 b4 16.Ne2 b3 17.axb3 Nb4 18.Nc1 Ncxd3 19.Rxd3
Nxd3 20.Nxd3 Bd7 21.Nd4 Rac8 22.h5 Qd2 23.Rd1 Qg5 24.Qh3 g6 25.hxg6
Rxg6 26.g3 Qg4 27.Qxg4 Rxg4 28.Nf4 h5 29.Nf3 Bb5 30.Rh1 Rh8 31.Kc1
Bc6 32.Nd4 Bb7 33.Kd2 h4 34.Ke3 Rg5 35.Nd3 Rhh5 36.gxh4 Rg4 37.f3
Rhxh4 38.Rxh4 Rxh4 39.Nc5 Bc8 40.Nc6+ Ke8 41.Na7 Kd8 42.Nc6+
Ke8 43.b4 Rh1 44.f4 Re1+ 45.Kd2 Ra1 46.b3 Bd7 47.Na5 d4 48.Nxa6
Ke7 49.Nb8 Rf1 50.Nac6+ Bxc6 51.Nxc6+ Kd7 52.Nxd4 Rxf4 53.Kd3
Rf1 54.Ke2 Rf4 55.Kd3 Rf1 56.Ke2 Rf4 1/2-1/2

[Event "VIII TchRUS W"]
[Site "Sochi"]
[Date "2007.05.04"]
[Round "4"]
[White "Bannikova, Anastasia"]
[Black "Chistiakova, Tamara"]
[Result "0-1"]
[WhiteElo "2185"]
[BlackElo "2337"]
[Annotator ""]
[Source ""]
[Remark ""]

1.e4 c5 2.c3 Nf6 3.e5 Nd5 4.d4 cxd4 5.cxd4 e6 6.Nf3 d6 7.Bc4
Nb6 8.Bd3 Be7 9.O-O Nc6 10.a3 Nd5 11.Nbd2 Nf4 12.Be4 Ng6 13.exd6
Qxd6 14.Nc4 Qc7 15.Ne3 O-O 16.Qc2 f5 17.Bd3 Nf4 18.Bc4 Kh8 19.b4
Bf6 20.Bb2 Qf7 21.Rfd1 Qh5 22.d5 Bxb2 23.Qxb2 exd5 24.Nxd5 Nxg2
25.Qc3 Nh4 26.Nxh4 Qxh4 27.Kh1 Be6 28.Rg1 Qe4+ 29.Rg2 Qe5 30.Qxe5
Nxe5 31.Re1 Nxc4 32.Rxe6 Rae8 33.Rxe8 Rxe8 34.Rg3 Re1+ 35.Kg2
Ra1 36.Rc3 b5 37.Nc7 Rxa3 38.Nxb5 Rxc3 39.Nxc3 Ne5 40.Nd5 g6
41.f4 Nc6 42.b5 Nd4 43.b6 axb6 44.Nxb6 Kg7 45.Kg3 Kf6 46.Nd7+
Ke7 47.Ne5 Ke6 48.h4 Kd5 49.Nf7 Ke4 50.Nd6+ Ke3 51.Nc4+ Ke2 52.Ne5
Ne6 53.Nc4 Ng7 54.Ne5 Nh5+ 55.Kh3 Nxf4+ 56.Kg3 Nh5+ 57.Kh3 Ke3
58.Nc4+ Kf2 59.Ne5 Nf6 60.Nf7 f4 61.Ng5 f3 62.Kh2 Ke2 0-1

[Event "VIII Russian WomenClub Championship"]
[Site "Dagomys"]
[Date "2007.05.05"]
[Round "5"]
[White "Grabuzova, Tatiana"]
[Black "Bronnikova, Elizaveta"]
[Result "1/2-1/2"]
[WhiteElo "2357"]
[BlackElo "2287"]
[Annotator ""]
[Source ""]
[Remark ""]

1.d4 Nf6 2.c4 g6 3.Nc3 Bg7 4.e4 d6 5.Be2 O-O 6.Nf3 e5 7.d5 a5
8.Be3 Ng4 9.Bg5 f6 10.Bd2 f5 11.Ng5 Nf6 12.Ne6 Bxe6 13.dxe6 Nxe4
14.Nxe4 fxe4 15.Be3 Qe7 16.Bg4 Nc6 17.Qd5 Rae8 18.O-O Kh8 19.Rad1
Qh4 20.Be2 Qf6 21.c5 Nd4 22.Bxd4 exd4 23.Bc4 dxc5 24.Qxe4 c6
25.Rde1 Re7 26.a4 Qf5 27.f4 Qxe4 28.Rxe4 Bh6 29.g4 g5 30.f5 Kg7
31.Rf3 Kf6 32.Rh3 Bg7 33.Rxh7 Rb8 34.Rh3 b5 35.Rb3 Reb7 36.axb5
cxb5 37.e7 Rxe7 38.Rxe7 Kxe7 39.Rxb5 Rxb5 40.Bxb5 Kd6 41.Kf2
Kd5 42.b3 Ke4 43.Ke2 Kf4 44.h3 Kg3 45.Bc4 Bf6 1/2-1/2

[Event "VIII Russian WomenClub Championship"]
[Site "Dagomys"]
[Date "2007.05.05"]
[Round "5"]
[White "Komiagina, Maria"]
[Black "Zdebskaja, Natalia"]
[Result "0-1"]
[WhiteElo "2288"]
[BlackElo "2335"]
[Annotator ""]
[Source ""]
[Remark ""]

1.e4 c5 2.Nf3 d6 3.d4 cxd4 4.Nxd4 Nf6 5.Nc3 a6 6.Bc4 e6 7.Bb3
b5 8.Bg5 Be7 9.Qf3 Qc7 10.O-O-O Nbd7 11.Rhe1 O-O 12.Kb1 Nc5 13.a3
Bb7 14.h4 Rac8 15.g4 Qb6 16.Qe3 Rc7 17.Bxf6 Bxf6 18.g5 Bxd4 19.Qxd4
Rc6 20.Ba2 a5 21.b4 axb4 22.axb4 Ra8 23.bxc5 Qa5 24.h5 Rxc5 25.g6
Rxc3 26.gxf7+ Kxf7 27.Bxe6+ Kxe6 28.Qxd6+ Kf7 29.Qd7+ Kg8 30.Kc1
Qb4 0-1

[Event "VIII Russian WomenClub Championship"]
[Site "Dagomys"]
[Date "2007.05.05"]
[Round "5"]
[White "Zakurdjaeva, Irina"]
[Black "Severiukhina, Zoja"]
[Result "1-0"]
[WhiteElo "2286"]
[BlackElo "2269"]
[Annotator ""]
[Source ""]
[Remark ""]

1.Nf3 Nf6 2.d4 g6 3.Nc3 Bg7 4.e4 d6 5.h3 O-O 6.Be3 c6 7.a4 Qa5
8.Bd3 e5 9.O-O Nbd7 10.Nd2 Nh5 11.dxe5 dxe5 12.Nb3 Qc7 13.g3
a5 14.Qf3 Re8 15.Rfd1 Nf8 16.Bf1 Ne6 17.Rd2 Bf8 18.Rad1 Be7 19.Bc4
Bb4 20.Kh2 Qe7 21.h4 Kg7 22.Bf1 Nf6 23.Bh3 h5 24.Rd3 Nd7 25.Na2
Qf6 26.Qxf6+ Nxf6 27.f3 Be7 28.Bb6 c5 29.c4 Ra6 30.Bxa5 b6 31.Bc3
Rxa4 32.Nac1 Nd4 33.Nd2 Bxh3 34.Kxh3 Bd6 35.b3 Ra7 36.Nf1 Nd7
37.Ne3 Bf8 38.Kg2 Kg8 39.Nd5 Bh6 40.Bd2 Bxd2 41.R1xd2 Ra1 42.Ne2
Rea8 43.f4 R8a3 44.Nxd4 exd4 45.Rb2 Re1 46.e5 Kg7 47.Rdd2 f6
48.Ra2 Ra5 49.Kf2 Re4 50.Rxa5 bxa5 51.Ra2 d3 52.Nc3 Rd4 53.e6
Nb8 54.Rxa5 d2 55.Ke2 Nc6 56.Rxc5 Rd6 57.e7 Kf7 58.Nd5 Nd4+ 59.Kd1
Re6 60.Rc8 Nf3 61.e8Q+ Rxe8 62.Rxe8 Kxe8 63.Nxf6+ 1-0

[Event "VIII Russian WomenClub Championship"]
[Site "Dagomys"]
[Date "2007.05.05"]
[Round "5"]
[White "Deriabina, Svetlana"]
[Black "Kostiuk, Tatiana"]
[Result "1/2-1/2"]
[WhiteElo "2133"]
[BlackElo "2232"]
[Annotator ""]
[Source ""]
[Remark ""]

1.d4 Nf6 2.c4 c5 3.d5 b5 4.cxb5 a6 5.b6 g6 6.Nc3 d6 7.e4 Nbd7
8.Nf3 Bg7 9.Be2 O-O 10.O-O Nxb6 11.Nd2 a5 12.a4 Ne8 13.Bb5 Ba6
14.Ndb1 Bxb5 15.Nxb5 Nc7 16.Nxc7 Qxc7 17.Nc3 Rfb8 18.Qc2 Qb7
19.Rb1 Qa6 20.Nb5 Rc8 21.b3 Rab8 22.Bg5 Rb7 23.Rfc1 Na8 24.Qd2
Rcb8 25.Qe3 Nc7 26.Na3 Na8 27.h4 Nb6 28.Nb5 Na8 29.h5 Nc7 30.Na3
Ne8 31.hxg6 hxg6 32.g3 Nf6 33.Nb5 Ng4 34.Qe2 Nf6 35.Kg2 Kf8 36.Rh1
Rxb5 37.axb5 Qxb5 38.Qc4 Nd7 39.Bf4 Kg8 40.Rhc1 Ne5 41.Bxe5 Bxe5
42.f4 Bd4 43.Qxb5 Rxb5 44.Rc4 Kg7 45.Kf3 Kf6 46.Ke2 g5 47.Kf3
Rb8 48.Ra4 Bc3 49.Ke2 gxf4 50.gxf4 Rh8 51.Rf1 e6 52.Kd3 Bb4 53.Ke3
exd5 54.exd5 Rh3+ 55.Rf3 Rh2 56.Rf2 Rh3+ 57.Rf3 Rh2 58.Ke4 Re2+
59.Re3 Rd2 60.Rd3 Re2+ 61.Kf3 Rc2 62.Ra1 c4 63.bxc4 Rxc4 64.Rh1
a4 65.Kg4 a3 66.Rh6+ Kg7 67.Rh2 Kg6 68.Rdh3 f5+ 69.Kg3 Rc3+ 70.Kh4
Rc8 71.Re2 Bc3 72.Rxc3 Rxc3 73.Re6+ Kf7 74.Rxd6 Rc4 75.Ra6 Rxf4+
76.Kg5 Rd4 77.Ra7+ Ke8 78.Rxa3 1/2-1/2

[Event "VIII Russian WomenClub Championship"]
[Site "Dagomys"]
[Date "2007.05.05"]
[Round "5"]
[White "Novikova, Anna"]
[Black "Ubiennykh, Ekaterina"]
[Result "1-0"]
[WhiteElo "2272"]
[BlackElo "2302"]
[Annotator ""]
[Source ""]
[Remark ""]

1.e4 e5 2.Nf3 Nc6 3.Bc4 Nf6 4.d3 Be7 5.O-O O-O 6.Bb3 d6 7.c3
Na5 8.Bc2 c5 9.Re1 Nc6 10.Nbd2 Re8 11.Nf1 Bf8 12.h3 d5 13.exd5
Qxd5 14.Bg5 Qd6 15.Ne3 Nd5 16.Nc4 Qc7 17.d4 cxd4 18.cxd4 Nxd4
19.Nxd4 Qxc4 20.Bb3 Qc5 21.Rc1 Qa5 22.Qf3 Be6 23.Nxe6 fxe6 24.Rxe5
Kh8 25.Qf7 Bd6 26.Bf6 Rg8 27.Rh5 Nf4 28.Rxa5 Raf8 29.Qd7 Bb4
30.Rb5 a5 31.Rxb7 1-0

[Event "VIII Russian WomenClub Championship"]
[Site "Dagomys"]
[Date "2007.05.05"]
[Round "5"]
[White "Manakova, Irina"]
[Black "Chasovnikova, Eugenia"]
[Result "1-0"]
[WhiteElo "2244"]
[BlackElo "2288"]
[Annotator ""]
[Source ""]
[Remark ""]

1.e4 c5 2.Nf3 Nc6 3.Bb5 g6 4.Bxc6 bxc6 5.O-O Bg7 6.Re1 e5 7.d3
Ne7 8.Be3 d6 9.h3 O-O 10.Qd2 f5 11.Bh6 f4 12.Bxg7 Kxg7 13.c3
Be6 14.d4 Qc7 15.dxe5 dxe5 16.Qe2 Kf6 17.Nbd2 g5 18.Nh2 Ng6 19.Qh5
Rad8 20.Ndf3 Kg7 21.Nxg5 Bg8 22.Ng4 Kh8 23.Nh6 Rd2 24.Nf5 Rxb2
25.Qh6 f3 26.h4 Rbb8 27.g3 Rf7 28.h5 Nf8 29.Nxf7+ Qxf7 30.Rad1
Ne6 31.Rd6 Ng7 32.Nh4 Qxh5 33.Ng6+ 1-0

[Event "VIII Russian WomenClub Championship"]
[Site "Dagomys"]
[Date "2007.05.05"]
[Round "5"]
[White "Matveeva, Svetlana"]
[Black "Paehtz, Elisabeth"]
[Result "1/2-1/2"]
[WhiteElo "2406"]
[BlackElo "2438"]
[Annotator ""]
[Source ""]
[Remark ""]

1.d4 d5 2.c4 c6 3.Nc3 Nf6 4.e3 a6 5.Nf3 b5 6.c5 g6 7.Be2 Bg7
8.Bd2 Nbd7 9.O-O a5 10.a3 O-O 11.b4 Qc7 12.bxa5 Rxa5 13.a4 bxa4
14.Rxa4 Rxa4 15.Qxa4 e5 16.Rb1 Re8 17.h3 h6 18.Qa8 exd4 19.Nxd4
Nxc5 20.Qxc6 Qxc6 21.Nxc6 Bd7 1/2-1/2

[Event "VIII Russian WomenClub Championship"]
[Site "Dagomys"]
[Date "2007.05.05"]
[Round "5"]
[White "Vasilevich, Irina"]
[Black "Tairova, Elena"]
[Result "1-0"]
[WhiteElo "2380"]
[BlackElo "2414"]
[Annotator ""]
[Source ""]
[Remark ""]

1.e4 e6 2.d4 d5 3.Nc3 Nf6 4.e5 Nfd7 5.f4 c5 6.Nce2 Nc6 7.c3 b5
8.Nf3 Bb7 9.a3 Qb6 10.f5 exf5 11.Nf4 Ne7 12.dxc5 Qxc5 13.e6 fxe6
14.Nxe6 Qb6 15.Nfd4 a6 16.Bg5 Nc5 17.Nxc5 Qxc5 18.Bd3 h6 19.Bh4
Qd6 20.O-O g5 21.Bxf5 Nxf5 22.Nxf5 Qg6 23.Qg4 Rh7 24.Rae1+ Kd8
25.Nd4 Bc5 26.Bf2 Bxd4 27.Bxd4 Bc8 28.Rf8+ Kc7 29.Qg3+ 1-0

[Event "VIII Russian WomenClub Championship"]
[Site "Dagomys"]
[Date "2007.05.05"]
[Round "5"]
[White "Pogonina, Natalija"]
[Black "Kursova, Maria"]
[Result "1-0"]
[WhiteElo "2419"]
[BlackElo "2324"]
[Annotator ""]
[Source ""]
[Remark ""]

1.e4 c5 2.Nf3 e6 3.d4 cxd4 4.Nxd4 Nc6 5.Nc3 a6 6.Nxc6 bxc6 7.Bd3
d5 8.O-O Nf6 9.Re1 Be7 10.e5 Nd7 11.Qg4 g6 12.Na4 Qa5 13.Bh6
Qb4 14.Qxb4 Bxb4 15.c3 Bf8 16.Bxf8 Rxf8 17.b4 f6 18.exf6 Rxf6
19.f3 Ke7 20.c4 Rf4 21.Rac1 Rd4 22.Bf1 Kd6 23.a3 a5 24.cxd5 exd5
25.Nc5 Nxc5 26.bxc5+ Kd7 27.g3 Kd8 28.Rb1 a4 29.Rb6 Bd7 30.Rb2
Kc7 31.Kf2 Rf8 32.Reb1 Rf5 33.Ke3 Rc4 34.Bxc4 dxc4 35.Rb7+ Kd8
36.Rd1 Re5+ 37.Kf4 Rd5 38.Rxd5 cxd5 39.Ke5 c3 40.Rb1 1-0

[Event "VIII Russian WomenClub Championship"]
[Site "Dagomys"]
[Date "2007.05.05"]
[Round "5"]
[White "Mongontuul, Bathuyag"]
[Black "Chmilyte, Viktoria"]
[Result "0-1"]
[WhiteElo "2388"]
[BlackElo "2462"]
[Annotator ""]
[Source ""]
[Remark ""]

1.e4 c5 2.Nf3 e6 3.d4 cxd4 4.Nxd4 Nc6 5.Nc3 Qc7 6.Nxc6 bxc6 7.Bd3
Nf6 8.O-O Be7 9.f4 d5 10.e5 Nd7 11.Qe2 Nc5 12.Be3 g6 13.Kh1 O-O
14.Rac1 Rb8 15.Bxc5 Bxc5 16.Na4 Be7 17.c4 dxc4 18.Bxc4 c5 19.Nc3
Bb7 20.b3 Rbd8 21.Bd3 Qb6 22.Qe3 c4 23.Qxb6 axb6 24.Bxc4 Rd2
25.Be2 Ba3 26.Rb1 Rc2 27.Bf3 Ba6 28.Ne4 Bxf1 29.Rxf1 Rfc8 30.Kg1
Rxa2 31.Rd1 Rc1 32.Kf1 Rxd1+ 33.Bxd1 Bc1 34.g3 h5 35.h4 Be3 36.Be2
Rb2 37.Bc4 Bd4 38.Ke1 Kg7 39.Kd1 Rg2 40.Ke1 Rb2 41.Kd1 Bg1 42.Ke1
Bh2 43.Kf1 b5 44.Bxb5 Rxb3 45.Kg2 Rb2+ 46.Nf2 Bxg3 47.Kxg3 Rxb5
48.Ne4 Rb3+ 49.Kg2 Kf8 50.Nf6 Ke7 51.Ne4 Re3 52.Nf6 Ra3 53.Ne4
Ra4 54.Kf3 Ra1 55.Kg2 Re1 56.Nf6 Kd8 57.Nh7 Rd1 58.Ng5 Rd7 59.Kf3
Kc7 0-1

[Event "VIII Russian WomenClub Championship"]
[Site "Dagomys"]
[Date "2007.05.05"]
[Round "5"]
[White "Korbut, Ekaterina"]
[Black "Gunina, Valentina"]
[Result "1-0"]
[WhiteElo "2429"]
[BlackElo "2308"]
[Annotator ""]
[Source ""]
[Remark ""]

1.e4 c6 2.d4 d5 3.e5 Bf5 4.Nd2 e6 5.Nb3 Nd7 6.Be3 f6 7.f4 fxe5
8.dxe5 c5 9.c3 Qc7 10.Nf3 O-O-O 11.Be2 Ne7 12.Ng5 Rg8 13.Nf7
g5 14.fxg5 Ng6 15.Nxd8 Kxd8 16.Qd2 Bg7 17.O-O Bxe5 18.h3 Bxh3
19.gxh3 Bxc3 20.Bf4 Nxf4 21.Qxf4 Be5 22.Qf7 Rxg5+ 23.Kh1 Bxb2
24.Rad1 Qg3 25.Qf3 Qh4 26.Rg1 Rf5 27.Rg8+ Ke7 28.Qg4 Qh6 29.Qg2
Kd6 30.Bg4 Rf4 31.Re8 Rxg4 32.Qxg4 Ne5 33.Qg2 c4 34.Nd4 Bxd4
35.Rxd4 c3 36.Rc8 Qc1+ 37.Kh2 Qe3 38.Rd1 Nf3+ 39.Kh1 Ng5 40.Qh2+
e5 41.Rd8+ Kc6 42.Qg2 e4 43.R8xd5 Nxh3 44.Rf5 b6 45.Qf1 Ng5 46.Qb5+ 1-0

[Event "VIII Russian WomenClub Championship"]
[Site "Dagomys"]
[Date "2007.05.05"]
[Round "5"]
[White "Cherenkova, Kristina"]
[Black "Demina, Julia"]
[Result "0-1"]
[WhiteElo "2249"]
[BlackElo "2330"]
[Annotator ""]
[Source ""]
[Remark ""]

1.d4 Nf6 2.Nf3 e6 3.c4 d5 4.e3 Be7 5.Nc3 O-O 6.Bd3 dxc4 7.Bxc4
a6 8.O-O b5 9.Bd3 Bb7 10.Qe2 c5 11.dxc5 Bxc5 12.e4 b4 13.Na4
Be7 14.b3 Nbd7 15.Bb2 Qa5 16.Rac1 Rfc8 17.Bb1 Bc6 18.Nd4 Bb5
19.Bd3 Bxd3 20.Qxd3 Nc5 21.Nxc5 Bxc5 22.Nf3 Be7 23.Qb1 h6 24.h3
Qb5 25.Rfe1 Nh5 26.g3 Nf6 27.Kg2 Nd7 28.Rxc8+ Rxc8 29.Rc1 Rxc1
30.Qxc1 Nc5 31.Qe3 Qd3 32.Qxd3 Nxd3 33.Bd4 Nc1 34.Ne5 Nxa2 35.Nc6
Bd6 36.Bb2 Bc5 37.Kf3 Nc3 38.Nb8 a5 39.Nc6 a4 40.bxa4 Nxa4 41.Bd4
b3 0-1

[Event "VIII Russian WomenClub Championship"]
[Site "Dagomys"]
[Date "2007.05.05"]
[Round "5"]
[White "Turova, Irina"]
[Black "Ambarcumova, Karina"]
[Result "1/2-1/2"]
[WhiteElo "2386"]
[BlackElo "2201"]
[Annotator ""]
[Source ""]
[Remark ""]

1.d4 Nf6 2.c4 e5 3.dxe5 Ng4 4.Nf3 Bc5 5.e3 Nc6 6.Nc3 O-O 7.Be2
Ngxe5 8.Nxe5 Nxe5 9.O-O a5 10.a3 Re8 11.Rb1 d6 12.b4 axb4 13.axb4
Ba7 14.Nb5 Bb8 15.Bb2 Qh4 16.Qd4 Qh6 17.Rfd1 Bf5 18.Ra1 Rxa1
19.Bxa1 c5 20.Qf4 Qxf4 21.exf4 Nc6 22.Kf1 cxb4 23.Bf3 Be4 24.Bxe4
Rxe4 25.Nd4 Rxf4 26.f3 Nxd4 27.Bxd4 Bc7 28.Ke2 Rf5 29.Rb1 Kf8
30.Rxb4 b6 31.Ke3 Ra5 32.g4 1/2-1/2

[Event "VIII Russian WomenClub Championship"]
[Site "Dagomys"]
[Date "2007.05.05"]
[Round "5"]
[White "Ovod, Evgenija"]
[Black "Ushenina, Anna"]
[Result "0-1"]
[WhiteElo "2384"]
[BlackElo "2475"]
[Annotator ""]
[Source ""]
[Remark ""]

1.d4 Nf6 2.c4 g6 3.Nc3 d5 4.cxd5 Nxd5 5.e4 Nxc3 6.bxc3 Bg7 7.Bb5+
c6 8.Ba4 O-O 9.Ne2 Nd7 10.O-O b5 11.Bb3 Bb7 12.Be3 e6 13.Rb1
Nb6 14.Qc1 a5 15.a4 Ba6 16.d5 exd5 17.Bxb6 Qxb6 18.exd5 b4 19.Re1
Bd3 20.Rb2 cxd5 21.Bxd5 Rac8 22.Rd1 Bxe2 23.Rxe2 bxc3 24.g3 Qb4
25.Qc2 Qb2 26.Kg2 Rfe8 27.Rxe8+ Rxe8 28.Qxb2 cxb2 29.Ba2 Rb8
30.Bb1 Rb4 31.Rd8+ Bf8 32.Rd2 Be7 33.Re2 Bf6 34.Re4 Bd4 35.Kf3
Rxa4 36.Ke2 Ra1 37.Bc2 Bc5 38.Re8+ Kg7 39.Rb8 Bb4 0-1

[Event "VIII Russian WomenClub Championship"]
[Site "Dagomys"]
[Date "2007.05.05"]
[Round "5"]
[White "Fominykh, Maria"]
[Black "Sirotkina, Nina"]
[Result "1-0"]
[WhiteElo "2306"]
[BlackElo "2275"]
[Annotator ""]
[Source ""]
[Remark ""]

1.e4 c5 2.Nf3 e6 3.c3 d5 4.exd5 Qxd5 5.d4 Nf6 6.Na3 Qd8 7.Nc2
Nc6 8.Bf4 Be7 9.dxc5 Bxc5 10.Qxd8+ Nxd8 11.Ncd4 a6 12.Nb3 Be7
13.Be2 Nd5 14.Bg3 Nc6 15.O-O-O Bd7 16.Rhe1 b5 17.Nfd2 O-O 18.Bf3
Rac8 19.Ne4 Rfd8 20.Nec5 Bxc5 21.Nxc5 Nce7 22.Nb7 Rf8 23.Bd6
Bc6 24.Bxd5 Nxd5 25.Bxf8 Bxb7 26.Bd6 b4 27.Rd3 bxc3 28.bxc3 Nxc3
29.Kb2 Nb5 30.a4 Nxd6 31.Rxd6 g6 32.Rc1 Ra8 33.f3 Bd5 34.Rb6
h5 35.Rc5 h4 36.h3 Kg7 37.Kc3 Ra7 38.Kb4 Rd7 39.Rxa6 Ba2 40.Rc2
Bb1 41.Rc1 Bf5 42.a5 Rd2 43.Rg1 e5 44.Rb6 e4 45.fxe4 Bxe4 46.g3
Rd4+ 47.Ka3 Rd3+ 48.Rb3 Rd5 49.Kb4 Rd4+ 50.Kc5 Rd5+ 51.Kb6 Rd6+
52.Kc7 Rc6+ 53.Kb8 Ra6 54.Ra3 hxg3 55.Rgxg3 f5 56.Rgb3 Ra8+ 57.Kc7
f4 58.Rb4 Re8 59.Raa4 Bc2 60.Ra2 Bf5 61.Rxf4 Bxh3 62.a6 Re7+
63.Kb6 Re6+ 64.Kc5 Re5+ 65.Kd4 Re8 66.a7 Ra8 67.Ke5 Bd7 68.Rb4 1-0

[Event "VIII Russian WomenClub Championship"]
[Site "Dagomys"]
[Date "2007.05.05"]
[Round "5"]
[White "Lupik, Marina"]
[Black "Sharevich, Anna"]
[Result "0-1"]
[WhiteElo "2215"]
[BlackElo "2323"]
[Annotator ""]
[Source ""]
[Remark ""]

1.d4 d5 2.c4 e6 3.Nc3 Be7 4.Nf3 Nf6 5.Bg5 h6 6.Bh4 O-O 7.e3 b6
8.Rc1 Bb7 9.a3 Nbd7 10.cxd5 exd5 11.Be2 c5 12.O-O Ne4 13.Bxe7
Qxe7 14.dxc5 Nxc3 15.Rxc3 bxc5 16.b4 c4 17.Nd4 a5 18.Qb1 axb4
19.axb4 g6 20.Rd1 Ra4 21.b5 Rfa8 22.Qc1 Nc5 23.Bf3 Ra2 24.Rc2
Nd3 25.Qd2 Nb4 26.Rxa2 Rxa2 27.Qc3 Nd3 28.Rd2 Ra3 29.Qc2 Qb4
30.Rd1 Qa5 31.Be2 Ra2 32.Qb1 Nc5 33.Bf3 Nd3 34.Be2 Nb4 35.Qc1
Qa4 36.e4 Nc2 37.Nxc2 Rxc2 38.Qe3 Qb3 39.Qxb3 cxb3 40.Bd3 Rc3
41.exd5 b2 42.Bb1 Rc1 43.Rf1 Bxd5 44.Bd3 Rc3 45.Bb1 Bc4 46.b6
Bxf1 47.b7 Rb3 48.Kxf1 Rxb7 49.Ke2 Rc7 0-1

[Event "VIII Russian WomenClub Championship"]
[Site "Dagomys"]
[Date "2007.05.05"]
[Round "5"]
[White "Tarasova, Viktoriya"]
[Black "Ivkina, Olga"]
[Result "1/2-1/2"]
[WhiteElo "2239"]
[BlackElo "2198"]
[Annotator ""]
[Source ""]
[Remark ""]

1.d4 Nf6 2.c4 g6 3.Nc3 Bg7 4.e4 d6 5.Nf3 O-O 6.Be2 Na6 7.O-O
e5 8.Re1 c6 9.Bf1 Bg4 10.dxe5 Bxf3 11.Qxf3 dxe5 12.Be3 Qe7 13.a3
Nd7 14.b4 f5 15.c5 Nc7 16.Bc4+ Kh8 17.Rad1 f4 18.Bc1 Rfd8 19.Rd6
Nf8 20.Red1 Nfe6 21.Ne2 Ne8 22.Rxd8 Rxd8 23.Rxd8 Qxd8 24.Qd3
Qxd3 25.Bxd3 g5 26.Bc4 N8c7 27.f3 Bf6 28.Bb2 Kg7 29.Nc1 Nf8 30.Nb3
b5 31.cxb6 axb6 32.Nc1 Nd7 33.Nd3 Kf8 34.Kf2 Ke7 35.Bg8 h6 36.a4
Kd6 37.Ke2 b5 38.a5 Na6 39.Bf7 Ke7 40.Bg6 Kd6 41.Bf5 Ndb8 42.Kd2
Nc7 43.Nc5 Nba6 44.Nxa6 Nxa6 45.Bc8 Nc7 46.a6 Na8 47.Bb7 Nb6
48.a7 Kc7 49.a8Q Nxa8 50.Bxa8 h5 51.h4 gxh4 52.Ke2 Kb6 53.Kf2
Kc7 54.Kg1 Kb6 55.Kh2 Kc7 56.Ba1 Kb6 57.Kh3 Kc7 58.Bc3 Kd7 59.Bb7
Kc7 60.Ba6 Kd7 61.Bd2 Kc7 62.Be1 Be7 63.Kh2 Kd7 64.Kh3 Kc7 65.Kh2
Kd7 66.Bc3 Bf6 67.Bd2 Kc7 68.Be1 Be7 1/2-1/2

[Event "VIII Russian WomenClub Championship"]
[Site "Dagomys"]
[Date "2007.05.05"]
[Round "5"]
[White "Solovjova, Valentina"]
[Black "Ruan Lufei"]
[Result "1-0"]
[WhiteElo "2261"]
[BlackElo "2370"]
[Annotator ""]
[Source ""]
[Remark ""]

1.e4 e5 2.Nf3 Nc6 3.d4 exd4 4.Nxd4 Nf6 5.Nxc6 bxc6 6.e5 Qe7 7.Qe2
Nd5 8.c4 Nb6 9.Nc3 Qe6 10.Qe4 Ba6 11.b3 O-O-O 12.Be2 Re8 13.Bf4
f6 14.O-O fxe5 15.Be3 Kb8 16.Bg4 Qf7 17.Rfd1 Bb4 18.Na4 Rd8 19.c5
Nd5 20.Rxd5 cxd5 21.Qxb4+ Ka8 22.c6 Rb8 23.Qa5 d4 24.Qxa6 dxe3
25.cxd7 exf2+ 26.Kf1 Qd5 27.Bf3 e4 28.Nc3 1-0